000 03135nam a22004093i 4500
001 EBC6734619
003 MiAaPQ
005 20240327204441.0
007 cr cnu||||||||
008 220831s2021 xx o ||||0 ger d
020 _a9783835347052
_q(electronic bk.)
020 _z9783835335691
040 _aMiAaPQ
_beng
_cMiAaPQ
100 1 _aWinnerling, Tobias.
_99524
_4aut
_eauthor
245 1 4 _aDas Entschwinden der Erinnerung :
_bVergessen-Werden im akademischen Metier zwischen 18. und 20. Jahrhundert.
264 1 _aGöttingen :
_bWallstein Verlag,
_c2021.
264 4 _c{copy}2021.
300 _a1 online resource (654 pages)
336 _aText
_btxt
_2rdacontent
337 _aComputermedien
_bc
_2rdamedia
338 _aOnline Resource
_bcr
_2rdacarrier
490 _aFrühneuzeit-Forschungen ;
_vv.22
500 _aE-Book-ProQuest / Fernzugriff nach Registrierung möglich
501 _aHabilitationsschrift, Heinrich Heine Universität Düsseldorf, 2014-2021
502 _bHabilitationsschrift, Heinrich Heine Universität Düsseldorf,
_d2014-2021
505 0 _aUmschlag -- Titel -- Impressum -- Inhalt -- Vorerinnerungen -- Ausgangspunkte -- Abschweifungen -- Gespenstergeschichten -- 1 Bezüge -- Vergessen -- Bezugnahmen -- Erinnerung -- Wissenschaftliches -- Ähnlichkeiten -- 2 Familie -- Protagonisten -- Memoria -- Vier Generationen Matthaeus -- Vier Familien und ihre Memoriae -- Was bedeutet das Familiengedächtnis? -- 3 Pfadabhängigkeiten -- Schülerschaften -- Institutionen -- 4 Verknüpfungen -- Gelehrte Journale -- Kozitationen -- Briefe -- Abbilden und vermessen -- Muster -- Zerfall -- Lange Linien -- 5 Zeiten und Landstriche -- Palmyra -- Algerien -- Paris -- Referenzformen -- 6 Gebrauchtwaren -- Langfristige Muster -- Verkauf mit Verzögerungen -- Eine Familie in vier Katalogen -- Einzelkataloge -- Listen -- Zufällige Zirkulationen -- 7 Nationalisierungen -- Öffentlichkeiten -- Nachschlagewerke -- Vereinnahmungen -- Niederländische Nationalisierungen -- Bezugsrahmen -- Zurück nach Palmyra -- 8 Wissenschaftliche Verdienste -- Verdienst und Erbe -- Dekadenz -- Disziplinierungen -- Belletristik -- Theologie -- Philologie -- Parallelisierungen -- Unzeitgemäßes -- Wiederkehrende Formationen -- 9 Zirkulation und Geschichte -- Geschlecht -- Zirkulation -- Vergessen als historische Operation -- 10 Anhänge -- 11 Quellen- und Literaturverzeichnis -- Archivalische Quellen -- Gedruckte Quellen -- Literatur -- 12 Indices -- Abbildungs- und Tabellenverzeichnis -- Namensregister -- Sach- und Ortsregister -- Dank.
600 _aGale, Thomas Braun, Johannes
_99536
600 _aBraun, Johannes
_99537
600 _aReelant, Adriaan
_99538
600 _aRenaudot, Eusèbe
_99539
655 4 _aElectronic books.
655 _aFernzugriff
_9230
776 0 8 _iPrint version:
_aWinnerling, Tobias
_tDas Entschwinden der Erinnerung
_dGöttingen : Wallstein Verlag,c2021
_z9783835335691
830 0 _aFrühneuzeit-Forschungen
_99525
856 4 0 _uhttps://ebookcentral.proquest.com/lib/maxweberstiftung-ebooks/detail.action?docID=6734619
_zVolltext
942 _cEB
_2z
999 _c60616
_d60616